| 000 | 00562nam a22001937a 4500 | ||
|---|---|---|---|
| 005 | 20230714112717.0 | ||
| 008 | 230714b ||||| |||| 00| 0 eng d | ||
| 040 | _cAL | ||
| 041 | _aEnglish | ||
| 082 |
_223 _a305.5 _bSUND |
||
| 100 |
_aBasudev Sunani _9126900 |
||
| 245 | _aDalit Encounter: An Analysia of Brhamanical Social System | ||
| 260 |
_aChhajli _bMata Nashib Kaur Yaadgari Parkashan |
||
| 300 |
_a78 p. _bPB _c21x13.6 cm. |
||
| 650 |
_aDalits _9126901 |
||
| 700 |
_aSUNANI (Basudev) _9126902 |
||
| 700 |
_aLAL (Jagdish) _9126903 |
||
| 942 |
_2ddc _cDB |
||
| 999 |
_c227865 _d227865 |
||